| 000 | 00390cam a22001571 4500 | ||
|---|---|---|---|
| 999 |
_c13696 _d13696 |
||
| 003 | OSt | ||
| 008 | 190527b ||||| |||| 00| 0 eng d | ||
| 020 | _a9788176221160 | ||
| 082 |
_a664.8 _bMOR/PR |
||
| 100 | 1 |
_aMorris, Thomas Norman. _94175 |
|
| 245 | 1 | 0 | _aPrinciples of fruit preservation; |
| 250 | _a3rd | ||
| 260 |
_aDelhi _bBiotech Books _c2011 |
||
| 300 | _axiii, 206 p. | ||
| 942 | _cBK | ||